top 10 des sports les moins chers à pratiquer - Statistiques

Statistiques générales
  • Ce quiz a été pris 154 fois
  • Le résultat moyen est 4 sur 10
Statistiques - réponses
Budget annuel 🏅 Sport % Correct
10€ Football
81%
10€ Basket
76%
150€ Natation
71%
GRATUIT Course à pied
61%
250 Danse
40%
30€ Cyclisme
27%
GRATUIT Randonnée
17%
20€ Yoga
13%
GRATUIT Street workout
4%
200€ Escalade en salle
0%
Aucun quiz correspondant
Distribution des résultats
% des personnes avec chaque résultat
Percentile par nombre de réponses
Votre historique - résultats
Vous n’avez pas pris ce quiz